La Chaîne de Mots : Géographie et Culture - Statistiques

Statistiques générales
  • Ce quiz a été pris 153 fois
  • Le résultat moyen est 13 sur 15
Statistiques - réponses
Indice Réponse % Correct
Capitale de l'Espagne Madrid
100%
Terre des pharaons Egypte
93%
Le plus vaste désert chaud du monde Sahara
93%
Sommet le plus haut du monde Everest
90%
Pays des fjords Norvège
90%
Le pays d'origine du Muay-Thaï Thailande
90%
État fédéral composé de 7 émirats, dont Dubaï et Abou Dabi Emirats
87%
Pays de Lego Danemark
85%
Fleuve européen passant par Strasbourg Rhin
85%
Pays nommé d'après une ligne imaginaire Equateur
82%
Cité-État d'Asie du Sud-Est connue pour son luxe et sa propreté extrême Singapour
82%
La ville éternelle Rome
80%
Plus grand pays enclavé du monde Kazakhstan
76%
Seul pays d'Afrique jamais colonisé Ethiopie
73%
Ville Française célèbre pour ses "Machines de l'île" Nantes
71%
Aucun quiz correspondant
Distribution des résultats
% des personnes avec chaque résultat
Percentile par nombre de réponses
Votre historique - résultats
Vous n’avez pas pris ce quiz